000
00333 a2200157 4500
001
58523
020
_a
8503005913
040
_c
Anchieta - Pituba
100
_a
Giudice, Victor
240
1
0
_a
O sétimo punhal
_l
por
245
1
0
_a
O sétimo punhal
300
_a
163
362
0
_a
1995
650
4
_a
Ficção brasileira
942
_c
BK
999
_c
58523
_d
58523